01011nam a2200205 a 45000010005000000030009000050080041000140400028000550820017000831000048001002450080001482600046002283000010002746500034002849420012003189990017003309520153003479520153005009520152006534383CO-ViMGA141112s2004 ck r 000 u spa d aCO-ViMGAbspacCO-ViMGA a616.863 M4541 aMinisterio de Justicia y de Derecho, 9622110aDrogas ilicitas en colombia : bsu impacto económico, político y social aSantafé de Bogotá : bPlaneta, c1997 a700 p14aDROGADICCION - COLOMBIA96222 2ddccBK c11340d11340 00102ddc40708001aMEVIGACOMbMEVIGACOMd2015-12-04hVolumen. 1 | 11/jun/2009l0o616.863 M454 p4973r2017-07-19 00:00:00tEj. 1w2015-12-04yBK 00102ddc40708001aMEVIGACOMbMEVIGACOMd2015-12-04hVolumen. 1 | 11/jun/2009l0o616.863 M454 p5538r2017-08-05 00:00:00tEj. 1w2015-12-04yBK 00102ddc40708002aMEVIECARbMEVIECARd2015-12-04hVolumen. 1 | 11/jun/2009l0o616.863 M454 p00167r2015-12-04 00:00:00tEj. 1w2015-12-04yBK